000 00492nam a2200169 i 4500
001 21769
003 ES-MaACL
005 20251014063050.0
007 t|
008 021127s1877 xxk ||||1| eng d
100 0 _aAdeler, Max,
_d1841-1915
_918428
245 1 0 _aElbow-Room
_b: a novel without a plot... /
_cby Max Adeler.
260 _aLondon :
_b[s.n.,
_c1877] (
_fGeorge Routledge and Sons)
300 _a320 p. ;
_c17 cm.
852 _aES-MaACL
_jD-354
999 _c21769
_d21769